|
|
|
|
| LEADER |
00000caa a22000002c 4500 |
| 001 |
1912624044 |
| 003 |
DE-627 |
| 005 |
20250123055011.0 |
| 007 |
cr uuu---uuuuu |
| 008 |
241217s2009 xx |||||o 00| ||eng c |
| 024 |
7 |
|
|a 10.1016/j.jcrimjus.2008.12.004
|2 doi
|
| 035 |
|
|
|a (DE-627)1912624044
|
| 035 |
|
|
|a (DE-599)KXP1912624044
|
| 040 |
|
|
|a DE-627
|b ger
|c DE-627
|e rda
|
| 041 |
|
|
|a eng
|
| 084 |
|
|
|a 2,1
|2 ssgn
|
| 100 |
1 |
|
|a Helms, Ronald
|e VerfasserIn
|4 aut
|
| 245 |
1 |
0 |
|a Modeling the politics of punishment: A conceptual and empirical analysis of 'law in action' in criminal sentencing
|
| 264 |
|
1 |
|c 2009
|
| 336 |
|
|
|a Text
|b txt
|2 rdacontent
|
| 337 |
|
|
|a Computermedien
|b c
|2 rdamedia
|
| 338 |
|
|
|a Online-Ressource
|b cr
|2 rdacarrier
|
| 773 |
0 |
8 |
|i Enthalten in
|t Journal of criminal justice
|d New York, NY [u.a.] : Pergamon Press, 1973
|g 37(2009), 1, Seite 10-20
|h Online-Ressource
|w (DE-627)320510484
|w (DE-600)2013351-0
|w (DE-576)259484784
|x 0047-2352
|7 nnas
|
| 773 |
1 |
8 |
|g volume:37
|g year:2009
|g number:1
|g pages:10-20
|
| 787 |
0 |
8 |
|i Forschungsdaten
|a United States Department of Justice. Office of Justice Programs. Bureau of Justice Statistics
|t Offender Based Transaction Statistics (OBTS), 1990: Alabama, Alaska, California, Idaho, Minnesota, Missouri, Nebraska, New Jersey, New York, Pennsylvania, Vermont, and Virginia
|d [Erscheinungsort nicht ermittelbar] : [Verlag nicht ermittelbar], 1994
|w (DE-627)1840066059
|
| 856 |
4 |
0 |
|u https://doi.org/10.1016/j.jcrimjus.2008.12.004
|x Resolving-System
|z lizenzpflichtig
|3 Volltext
|7 1
|
| 935 |
|
|
|a mkri
|
| 951 |
|
|
|a AR
|
| ELC |
|
|
|a 1
|
| LOK |
|
|
|0 000 xxxxxcx a22 zn 4500
|
| LOK |
|
|
|0 001 4637589568
|
| LOK |
|
|
|0 003 DE-627
|
| LOK |
|
|
|0 004 1912624044
|
| LOK |
|
|
|0 005 20241217044718
|
| LOK |
|
|
|0 008 241217||||||||||||||||ger|||||||
|
| LOK |
|
|
|0 035
|a (DE-2619)ICPSR75614
|
| LOK |
|
|
|0 040
|a DE-2619
|c DE-627
|d DE-2619
|
| LOK |
|
|
|0 092
|o n
|
| LOK |
|
|
|0 852
|a DE-2619
|
| LOK |
|
|
|0 852 1
|9 00
|
| LOK |
|
|
|0 935
|a nacp
|
| LOK |
|
|
|0 939
|a 17-12-24
|b l01
|
| ORI |
|
|
|a SA-MARC-krimdoka001.raw
|